Front matter (notice n° 1664621)
[ vue normale ]
| 000 -LEADER | |
|---|---|
| fixed length control field | 01315cam a2200229 4500500 |
| 005 - DATE AND TIME OF LATEST TRANSACTION | |
| control field | 20260222001654.0 |
| 041 ## - LANGUAGE CODE | |
| Language code of text/sound track or separate title | fre |
| 042 ## - AUTHENTICATION CODE | |
| Authentication code | dc |
| 100 10 - MAIN ENTRY--PERSONAL NAME | |
| Personal name | Martin, Tristan |
| Relator term | author |
| 245 00 - TITLE STATEMENT | |
| Title | Front matter |
| 260 ## - PUBLICATION, DISTRIBUTION, ETC. | |
| Date of publication, distribution, etc. | 2026.<br/> |
| 500 ## - GENERAL NOTE | |
| General note | 49 |
| 520 ## - SUMMARY, ETC. | |
| Summary, etc. | Automated compounding of injectable anticancer drugs has become increasingly popular. It requires adjustments to practices and the anticipation of all aspects related to production. This work describes a reflection process and aims to provide a secure anticipation tool. The first equipped hospital pharmacies have created an Ishikawa diagram, and each risk has been assigned a deliverable, a manager, and a time frame. The 70 identified risks have been compiled into an action plan in the form of a dashboard. This first version of the practical and adaptable tool should facilitate project management. |
| 700 10 - ADDED ENTRY--PERSONAL NAME | |
| Personal name | Mitha, Assia |
| Relator term | author |
| 700 10 - ADDED ENTRY--PERSONAL NAME | |
| Personal name | Grassi, Enzo |
| Relator term | author |
| 700 10 - ADDED ENTRY--PERSONAL NAME | |
| Personal name | Desmaris, Romain |
| Relator term | author |
| 700 10 - ADDED ENTRY--PERSONAL NAME | |
| Personal name | Bertrand, Claude |
| Relator term | author |
| 700 10 - ADDED ENTRY--PERSONAL NAME | |
| Personal name | Coliat, Pierre |
| Relator term | author |
| 700 10 - ADDED ENTRY--PERSONAL NAME | |
| Personal name | Rieutord, André |
| Relator term | author |
| 786 0# - DATA SOURCE ENTRY | |
| Note | Revue de neuropsychologie | Volume 17 | 4 | 2026-01-30 | p. 181-182 | 2101-6739 |
| 856 41 - ELECTRONIC LOCATION AND ACCESS | |
| Uniform Resource Identifier | <a href="https://stm.cairn.info/journal-revue-de-neuropsychologie-2025-4-page-181?lang=en&redirect-ssocas=7080">https://stm.cairn.info/journal-revue-de-neuropsychologie-2025-4-page-181?lang=en&redirect-ssocas=7080</a> |
Pas d'exemplaire disponible.




Réseaux sociaux